000 01354pam a2200373 a 4500
001 916190
003 OSt
005 20251012101046.0
008 820824s1983 dcu b 100 0 eng
010 _a 82014785
020 _a0932568076 (pbk.) :
_c$14.95
020 _a9780932568076
035 _a916190
040 _aDLC
_cDLC
_dDLC
043 _ama-----
050 0 0 _aHC498
_b.A717 1983
082 0 0 _a330.917/4927
_219
245 0 0 _aArab resources :
_bthe transformation of a society /
_cedited by Ibrahim Ibrahim.
260 _aWashington, D.C. :
_bCenter for Contemporary Arab Studies ;
_aLondon :
_bCroom Helm,
_c1983.
300 _a304 p. ;
_c22 cm.
336 _atext
_btxt
_2rdacontent
337 _aunmediated
_bn
_2rdamedia
338 _avolume
_bnc
_2rdacarrier
500 _aPapers from the sixth annual symposium held, the Center for Contemporary Arab Studies, Georgetown University.
504 _aIncludes bibliographical references.
651 0 _aArab countries
_xEconomic conditions
_xCongresses.
700 1 _aIbrahim, Ibrahim,
_d1932-
710 2 _aGeorgetown University.
_bCenter for Contemporary Arab Studies.
906 _a7
_bcbc
_corignew
_d1
_eocip
_f19
_gy-gencatlg
942 _2ddc
_cBK
999 _c19605
_d19605